|
|
|
|
| LEADER |
00000nam0a2200000 4500 |
| 001 |
261045 |
| 005 |
20231101233530.0 |
| 035 |
|
|
|a (RuTPU)RU\TPU\book\284017
|
| 090 |
|
|
|a 261045
|
| 100 |
|
|
|a 20140520d1970 k y0rusy50 ca
|
| 101 |
0 |
|
|a rus
|
| 102 |
|
|
|a RU
|
| 105 |
|
|
|a a z 001zy
|
| 200 |
1 |
|
|a Автоматизированный подвесной и напольный транспорт за рубежом
|f А. Н. Прохоренков
|g Научно-исследовательский институт информации по тяжелому, энергетическому и транспортному машиностроению
|
| 210 |
|
|
|a Москва
|c Изд-во НИИИНФОРМТЯЖМАШ
|d 1970
|
| 215 |
|
|
|a 51 с.
|c ил.
|
| 225 |
1 |
|
|a Подъемно-транспортное оборудование
|
| 320 |
|
|
|a Библиогр.: с. 47-48
|
| 606 |
1 |
|
|a Подъемно-транспортная техника
|2 stltpush
|3 (RuTPU)RU\TPU\subj\49807
|9 68571
|
| 610 |
1 |
|
|a автоматизированный транспорт
|
| 610 |
1 |
|
|a подвесные тележки
|
| 610 |
1 |
|
|a напольный транспорт
|
| 610 |
1 |
|
|a подъемно-транспортное оборудование
|
| 610 |
1 |
|
|a зарубежный опыт
|
| 675 |
|
|
|a 621.867
|v 3
|
| 700 |
|
1 |
|a Прохоренков
|b А. Н.
|
| 712 |
0 |
2 |
|a Научно-исследовательский институт информации по тяжелому, энергетическому и транспортному машиностроению
|2 stltpush
|3 (RuTPU)RU\TPU\col\8030
|9 24456
|
| 801 |
|
1 |
|a RU
|b 63413507
|c 20140520
|
| 801 |
|
2 |
|a RU
|b 63413507
|c 20160511
|g RCR
|
| 942 |
|
|
|c BK
|